000 00366nam a2200157Ia 4500
003 0STCL
008 150530s9999 xx 000 0 und d
040 _aSTCL
_cSTCL
100 _aJames Sutherland; Ed
245 _aRestoration tragedies
260 _bOxford university
_c1977
546 _aEnglish
942 _2ddc
_cBK
999 _c56341
_d56341
005 20220125171007.0